| Поле | Название | Значение |
| |
Тип записи |
a |
| |
Библиографический уровень |
m |
| 001 |
Контрольный номер |
f159761447e842e7b7f34427c370f759 |
| 005 |
Дата корректировки |
20140617140252.9 |
| 010 |
Индекс ISBN |
__ |
| a |
ISBN |
5-85873-114-7 |
| 200 |
Заглавие и сведения об ответственности |
1_ |
| a |
Заглавие |
Комплексный экономический анализ хозяйственной деятельности.Кн.2(58) |
| f |
Первые сведения об ответственности |
Шадрина Галина Владимировна |
| 210 |
Выходные данные |
1_ |
| a |
Место издания |
М. |
| c |
Издательство |
Благовест-В |
| d |
Дата издания |
2003 |
| 215 |
Физическое описание |
__ |
| a |
Объем |
183 с. |
| 225 |
Серия |
2_ |
| a |
Серия |
Б-ка хозяйственного руководителя |
| 610 |
Ключевые слова |
0_ |
| a |
Ключевые слова |
экономический анализ |
| 610 |
Ключевые слова |
0_ |
| a |
Ключевые слова |
хозяйственная деятельность |
| 610 |
Ключевые слова |
0_ |
| a |
Ключевые слова |
бизнес-план |
| 610 |
Ключевые слова |
0_ |
| a |
Ключевые слова |
сметное планирование |
| 610 |
Ключевые слова |
0_ |
| a |
Ключевые слова |
управленческий анализ |
| 610 |
Ключевые слова |
0_ |
| a |
Ключевые слова |
комплексный анализ |
| 610 |
Ключевые слова |
0_ |
| a |
Ключевые слова |
коммерческая организация |
| 610 |
Ключевые слова |
0_ |
| a |
Ключевые слова |
финансовое положение |
| 610 |
Ключевые слова |
0_ |
| a |
Ключевые слова |
инвестиционный анализ |
| 686 |
Индексы других классификаций |
__ |
| a |
Классификационный индекс |
65.053.9(2) |
| 2 |
Код системы |
rubbk |
| 700 |
Автор |
_1 |
| a |
Фамилия |
Шадрина Галина Владимировна |
| 801 |
Источник записи |
_0 |
| a |
Страна |
RU |
| b |
Организация |
РУК |
| c |
Дата составления |
20040412 |
| g |
Правила каталогизации |
PSBO |
| 801 |
Источник записи |
_1 |
| a |
Страна |
RU |
| b |
Организация |
РУК |
| c |
Дата составления |
20040412 |
| g |
Правила каталогизации |
PSBO |
| 852 |
Данные о местонахождении |
__ |
| i |
Авторский знак |
Ш16 |
| j |
Шифр хранения |
ББК 65.053 |
| 901 |
Тип документа |
__ |
| t |
Тип документа |
m |
| 938 |
Служебная информация |
__ |
| a |
Название организации |
Головной вуз |
| b |
Имя БД |
BOOK |
| c |
Название АИБС |
АИБС ИРБИС |